Southville International School and Colleges
Your cart is empty.
  • Cart
  • Lists
    Public lists Eva Luna New books Lux_list list_1
    Your lists Log in to create your own lists
  • Log in to your account
  • Your cookies
  • Search history
Southville International School and Colleges
  • Advanced search
  • Recent comments
  • Most popular
  • Libraries

Log in to your account

Log in with GOOGLE


If you do not have an external account, but do have a local account, you can still log in:

  1. Home
  2. MARC view: Talk before sleep /
Normal view MARC view ISBD view

Talk before sleep / (Record no. 20119)

[ view plain ]
MARC details
000 -LEADER
fixed length control field 00447nam a2200169 a 4500
005 - DATE AND TIME OF LATEST TRANSACTION
control field 20140310183210.0
008 - FIXED-LENGTH DATA ELEMENTS--GENERAL INFORMATION
fixed length control field 030220s19uu xx 00 eng d
020 ## - INTERNATIONAL STANDARD BOOK NUMBER
International Standard Book Number 0440221099
050 ## - LIBRARY OF CONGRESS CALL NUMBER
Classification number PS 3552.E6996
Item number .B493 1995
100 ## - MAIN ENTRY--PERSONAL NAME
Personal name Berg, Elizabeth
245 ## - TITLE STATEMENT
Title Talk before sleep /
Statement of responsibility, etc Elizabeth Berg.
260 ## - PUBLICATION, DISTRIBUTION, ETC. (IMPRINT)
Place of publication, distribution, etc New York ;
Name of publisher, distributor, etc Dell Publishing,
Date of publication, distribution, etc 1995.
300 ## - PHYSICAL DESCRIPTION
Extent 284 p. :
Dimensions 17 cm.
650 ## - SUBJECT ADDED ENTRY--TOPICAL TERM
Topical term or geographic name as entry element Fiction
942 ## - ADDED ENTRY ELEMENTS (KOHA)
Koha item type Books
Source of classification or shelving scheme Library of Congress Classification
Holdings
Withdrawn status Lost status Source of classification or shelving scheme Damaged status Home library Current library Shelving location Date acquired Total Checkouts Full call number Barcode Date last seen Copy number Price effective from Koha item type
    Library of Congress Classification   College Library College Library Fiction Section 02/20/2007   PS 3552.E6996 .B493 1995 C2241 05/08/2018 1 10/10/2013 Books

Talk before sleep /

APA

Berg E., . (1995). Talk before sleep. New York: Dell Publishing.

Chicago

Berg Elizabeth, . 1995. Talk before sleep. New York: Dell Publishing.

Harvard

Berg E., . (1995). Talk before sleep. New York: Dell Publishing.

MLA

Berg Elizabeth, . Talk before sleep. New York: Dell Publishing. 1995.

  • Place hold
  • Print
  • Cite
  • Add to your cart (remove)
  • Save record
    BIBTEX Dublin Core MARCXML MARC (non-Unicode/MARC-8) MARC (Unicode/UTF-8) MARC (Unicode/UTF-8, Standard) MODS (XML) RIS
  • More searches
    Search for this title in:
    Other Libraries (WorldCat) Other Databases (Google Scholar) Online Stores (Bookfinder.com) Open Library (openlibrary.org)

Exporting to Dublin Core...

SOUTHVILLE LIBRARY

Southville International School and Colleges Library

1281 Tropical Ave. Cor. Luxembourg St., BF Homes International, Las Pinas City

Tel. No. 8256374 / 252358 Loc. 117/146

Powered by Koha